Szczegóły MARC21

Zachowania konsumpcyjne ludzi w wieku starszym /

003 -Nazwa inst., której nr kontr. jest w polu 001 [,]
    • @
    • Nazwa instytucji, której n kontrolny jest w polu 001
    • NUKAT
005 -DATA I CZAS OSTATNIEJ MODYFIKACJI [,]
    • @
    • pole kontrolne
    • 20241231095949.0
020 -Międzynarod. znormalizowany nr książki - ISBN [ , ]
    • a
    • Numer ISBN
    • 9788372466396 Find
040 -Instytucja sporządzająca opis [ , ]
    • a
    • Instytucja, która sporządziła opis (NP)
    • SZCZ M/HS
    • c
    • Instytucja, która sporządziła rekord (NP)
    • SZCZ M/HS
    • d
    • Instytucja, która zmodyfikowała rekord (P)
    • WR U/MWs
942 -Rodzaj dokumentu [ , ]
    • c
    • Rodzaj dokumentu
    • Książka
100 -Hasło główne - nazwa osobowa [1, ]
    • a
    • Nazwa osobowa (NP)
    • Świtała, Marcin.
    • 9
    • KHW
    • 45681
245 -Strefa tytułu i oznaczenia odpowiedzialności [1,0]
    • a
    • Tytuł
    • Zachowania konsumpcyjne ludzi w wieku starszym / Find
    • c
    • Pozostałe elementy strefy tytułu i oznaczenia odpowiedzialności (NP)
    • Marcin Świtała.
260 -Strefa adresu wydawniczego [ , ]
    • a
    • Miejsce wydania (P)
    • Katowice :
    • b
    • Nazwa wydawcy (P)
    • Wydawnictwo Uniwersytetu Ekonomicznego,
    • c
    • Data wydania (P)
    • 2011.
300 -Strefa opisu fizycznego [ , ]
    • a
    • Określenie formy książki i/lub objętość (NP)
    • 201 s. :
    • b
    • Oznaczenie ilustracji (NP)
    • il. ;
    • c
    • Format (NP)
    • 24 cm.
336 -Typ zawartości [ , ]
    • a
    • Termin opisujący typ zawartości
    • Tekst
    • b
    • Kod określający zawartość
    • txt
    • 2
    • Źródło (terminu i kodu)
    • rdacontent
337 -Typ mediów [ , ]
    • a
    • Tryb odtwarzania
    • Bez urządzenia pośredniczącego
    • b
    • Kod typu mediów
    • n
    • 2
    • Źródło (terminu i kodu)
    • rdamedia
338 -Typ/rodzaj nośnika [ , ]
    • a
    • Hasło opisujące typ nośnika
    • Wolumin
    • b
    • Kod typu nośnika
    • nc
    • 2
    • Źródło (terminu i kodu)
    • rdacarrier
490 -Strefa serii i książki wielotomowej - forma nie do wyszukiwania [1, ]
    • a
    • Tytuł (P)
    • Prace Naukowe Uniwersytetu Ekonomicznego w Katowicach Find
830 -Hasło dodatkowe serii i opisu książki wielotomowej - tytuł ujednolicony/tytuł [ ,0]
    • a
    • Tytuł ujednolicony/tytuł (NP)
    • Prace Naukowe - Uniwersytet Ekonomiczny w Katowicach
    • 9
    • KHW
    • 24431
504 -Uwaga dot. bibliogr. załącznikowej [ , ]
    • a
    • Uwaga dot. bibliografii załącznikowej
    • Bibliogr. s. 189-196.
521 -Uwaga dot. przeznaczenia czytelniczego [8, ]
    • a
    • Uwaga dot. przeznaczenia czytelniczego
    • Publikacja adresowana do pracowników naukowo-dydaktycznych i studentów uczelni ekonomicznych.
080 -Uniwersalna Klasyfikacja Dziesiętna [ , ]
    • 2
    • Identyfikator wydania tablic
    • UDC-P058
    • 9
    • UKD
    • 3795
    • a
    • Symbol klasyfikacji
    • 366.1
    • b
    • Dopowiedzenie
    • Zachowanie się konsumenta. Edukacja konsumenta.
    • 4
    • UKD2
    • 7642
    • x
    • Poddział wspólny
    • (438)
    • c
    • Dopowiedzenie poddz. wspólnego
    • (Polska).
080 -Uniwersalna Klasyfikacja Dziesiętna [ , ]
    • 2
    • Identyfikator wydania tablic
    • UDC-P058
    • 9
    • UKD
    • 11661
    • a
    • Symbol klasyfikacji
    • 316.346.3-053.9
    • b
    • Dopowiedzenie
    • Socjologia ludzi starych.
    • 4
    • UKD2
    • 7642
    • x
    • Poddział wspólny
    • (438)
    • c
    • Dopowiedzenie poddz. wspólnego
    • (Polska).
080 -Uniwersalna Klasyfikacja Dziesiętna [ , ]
    • 2
    • Identyfikator wydania tablic
    • UDC-P058
    • 9
    • UKD
    • 2985
    • a
    • Symbol klasyfikacji
    • 330.567.2
    • b
    • Dopowiedzenie
    • Wydatki. Konsumpcja. Spożycie. Oszczędności. Ekonomika gospodarstwa domowego.
    • 4
    • UKD2
    • 7642
    • x
    • Poddział wspólny
    • (438)
    • c
    • Dopowiedzenie poddz. wspólnego
    • (Polska).
    • 4
    • UKD2
    • 20659
    • x
    • Poddział wspólny
    • -053.9
    • c
    • Dopowiedzenie poddz. wspólnego
    • -Ludzie starzy.
650 -Hasło przedmiotowe [ ,7]
    • a
    • Hasło przedmiotowe
    • Postawy konsumentów.
    • 2
    • Źródło terminu
    • kaba
    • 9
    • KHW
    • 115119
650 -Hasło przedmiotowe [ ,7]
    • a
    • Hasło przedmiotowe
    • Preferencje konsumenta.
    • 2
    • Źródło terminu
    • kaba
    • 9
    • KHW
    • 115120
650 -Hasło przedmiotowe [ ,7]
    • a
    • Hasło przedmiotowe
    • Preferencje konsumenta
    • x
    • Określnik rzeczowy
    • badania.
    • 2
    • Źródło terminu
    • kaba
    • 9
    • KHW
    • 368206
650 -Hasło przedmiotowe [ ,7]
    • a
    • Hasło przedmiotowe
    • Postawy konsumentów
    • x
    • Określnik rzeczowy
    • badania.
    • 2
    • Źródło terminu
    • kaba
    • 9
    • KHW
    • 362556
650 -Hasło przedmiotowe [ ,7]
    • a
    • Hasło przedmiotowe
    • Seniorzy
    • z
    • Określnik geograficzny
    • Polska
    • x
    • Określnik rzeczowy
    • sytuacja gospodarcza
    • y
    • Określnik chronologiczny
    • 1990-.
    • 2
    • Źródło terminu
    • kaba
    • 9
    • KHW
    • 368205
650 -Hasło przedmiotowe [ ,7]
    • a
    • Hasło przedmiotowe
    • Seniorzy
    • z
    • Określnik geograficzny
    • Polska
    • x
    • Określnik rzeczowy
    • sytuacja społeczna
    • y
    • Określnik chronologiczny
    • 1990-.
    • 2
    • Źródło terminu
    • kaba
    • 9
    • KHW
    • 370647
980 -Symbol UKD [ , ]
    • a
    • UKD
    • 366.1:316.346.3-053.9:330.567.2-053.9](438)
710 -Hasło dodatkowe - nazwa ciała zbiorowego [2, ]
    • a
    • Nazwa ciała zbiorowego lub nazwa geograficzna jako pierwszy element (NP)
    • Uniwersytet Ekonomiczny (Katowice).
    • b
    • Nazwa jednostki podrzędnej (P)
    • Wydawnictwo.
    • 4
    • Kod relacji
    • pbl
    • 9
    • KHW
    • 52856
920 -ISBN [ , ]
    • a
    • ISBN
    • 978-83-7246-639-6 Find
Data inwentaryzacji Lokalizacja Numer inwentarzowy Status udost.
2012-06-20BEE.73798-2